000 00690cam a2200253 4500500
005 20260405002843.0
041 _afre
042 _adc
100 1 0 _aTenaillon, Nicolas
_eauthor
245 0 0 _aLa Dictature de l’ego
260 _c2018.
500 _a31
690 _aBien
690 _aEgo
690 _aIndifférence
690 _aIndividualisme
690 _aMathias Roux
690 _aNarcissisme
690 _aPamphlet
690 _aRéseaux
690 _aSilence
786 0 _nPhilosophie magazine | 125 | 12 | 2018-12-01 | p. 51-51 | 1951-1787
856 4 1 _uhttps://shs.cairn.info/magazine-philosophie-magazine-2018-12-page-51?lang=fr&redirect-ssocas=7080
999 _c2061763
_d2061763